| 000 | 00669nam a2200253Ia 4500 | ||
|---|---|---|---|
| 005 | 20250425162042.0 | ||
| 008 | 250425s9999 xx 000 0 und d | ||
| 020 | _a9684221061 | ||
| 041 | _aspa | ||
| 082 | _a603 | ||
| 100 | _aPARKER, SYBIL P. | ||
| 245 | 0 | _aENCICLOPEDIA MCGRAW-HILL DE CIENCIA Y TECNOLOGIA (TOMO VI) | |
| 250 | _a2A ED. | ||
| 260 | _aMEXICO | ||
| 260 |
_aMéxico _bMCGRAW-HILL _c1992 |
||
| 300 | _a2415 | ||
| 500 | _aTítulo Traducido: MCGRAW-HILL CONCISE ENCYCLOPEDIA OF SCIENCE & TECHNOLOGY | ||
| 650 | _aCIENCIAS | ||
| 650 | _aENCICLOPEDIAS | ||
| 650 | _aTECNOLOGIA | ||
| 650 | _aTERMINOLOGIA | ||
| 942 | _c01 | ||
| 010 | _a44167 | ||
| 999 |
_c221397 _d221397 |
||